000
00196 a2200097 4500
001
7741
100
_a
Anderson, J.C
245
_a
Dielectrics
260
_a
_b
Chapman Hall
_c
090
_c
6198
_d
6198
942
_a
NUST-CAE
_c
M
_c
32709
999
_c
242814
_d
242814